League of Legends Champions umschrieben 1 - Statistiken

Allgemein
  • Dieses Quiz wurde 983 mal gespielt
  • Das Durchschnittsergebnis liegt bei 10 aus 15
Antwortstatistiken
Hint Antwort % Korrekt
DEMACIA!! Garen
98%
Krähenmann mit Stockbeinen Fiddlesticks
92%
Geisterspeerfrau Kalista
85%
Kaugummi Zac
77%
Zentaur Hecarim
75%
rennender Magiemann Ryze
74%
Der Boss Sett
71%
Schockierender Hamster Kennen
68%
Edelsteinmann Taric
66%
Wütender Mann Tryndamere
61%
Succubus Evelynn
60%
Parrley! Gangplank
60%
Vampir mit Füßen Briar
54%
Space-Aids Malzahar
49%
Sternenkind Soraka
47%
Keine übereinstimmenden Quizze gefunden
Verteilung der Resultate
Anzahl Personen mit jedem Resultat
Perzentil nach korrekt beantworteten Fragen
Ihre Resultats-Entwicklung
Sie haben dieses Quiz noch nicht gespielt